Revista de investigación agraria y ambiental (Registro nro. 20493)

Detalles MARC
000 -CABECERA
Campo de control 01208nam a22003137a 4500
005 - FECHA Y HORA DE LA ULTIMA TRANSACCION
Campo de control 20191015083418.0
008 - ELEMENTOS DE LONGITUD FIJA—INFORMACION GENERAL
Campo de control 191015b xxu||||| |||| 00| 0 spa d
022 ## - ISSN
ISSN 21456097
040 ## - FUENTE DE CATALOGACIÓN
Agencia catalogadora original CO-BoIAVH
Agencia transcriptora CO-BoIAVH
041 ## - IDIOMA
Código de idioma para texto/pista de sonido o título separado Español
041 ## - IDIOMA
Código de idioma para texto/pista de sonido o título separado Inglés
041 ## - IDIOMA
Código de idioma para texto/pista de sonido o título separado Portugués
044 ## - PAÍS DE PUBLICACIÓN
País de publicación Colombia
082 ## - NUMERO DE CLASIFICACION DECIMAL DEWEY
Número de clasificación 631.45
Número del ítem G44r
100 ## - ASIENTO PRINCIPAL--NOMBRE PERSONAL
9 (RLIN) 101690
Nombre personal Giraldo Díaz, Reinaldo
Término relacionado editor
245 1# - MENCION DE TITULO
Título Revista de investigación agraria y ambiental
Parte restante del título Volumen 8 Número 1
260 ## - PUBLICACION, DISTRIBUCION, ETC. (PIE DE IMPRENTA)
Lugar de publicación, distribución, etc. Bogotá:
Nombre del editor, distribuidor, etc. Escuela de Ciencias Agrícolas, Pecuarias y del Medio Ambiente. Universidad Nacional Abierta y a Distancia (UNAD),
Fecha de publicación, distribución, etc. 2017.
300 ## - DESCRIPCION FISICA
Extensión 263 Páginas
Otros detalles físicos fotografías, gráficos y tablas
Dimensiones 28 x 21 cm
490 ## - MENCION DE SERIE
Mención de serie Revista de investigación Agraria y ambiental
Designación numérica/secuencial del volumen Volumen 8 Número 1 Enero - Junio de 2017
500 ## - NOTA GENERAL
Nota general Incluye anexos
650 #0 - ASIENTO SECUNDARIO DE MATERIA - TERMINO TEMATICO
9 (RLIN) 82586
Término temático o nombre geográfico como elemento de entrada Erosión
Subdivisión general Suelos
Subdivisión geográfica Colombia
650 #0 - ASIENTO SECUNDARIO DE MATERIA - TERMINO TEMATICO
9 (RLIN) 101691
Término temático o nombre geográfico como elemento de entrada Erosión hídrica
Subdivisión geográfica Colombia
650 #0 - ASIENTO SECUNDARIO DE MATERIA - TERMINO TEMATICO
9 (RLIN) 2634
Término temático o nombre geográfico como elemento de entrada Investigación científica
650 #0 - ASIENTO SECUNDARIO DE MATERIA - TERMINO TEMATICO
9 (RLIN) 16830
Término temático o nombre geográfico como elemento de entrada Producción animal
650 #0 - ASIENTO SECUNDARIO DE MATERIA - TERMINO TEMATICO
9 (RLIN) 74191
Término temático o nombre geográfico como elemento de entrada Zonas rurales
Subdivisión geográfica Colombia
700 ## - ASIENTO SECUNDARIO - NOMBRE PERSONAL
9 (RLIN) 101692
Nombre personal Nieto Gómez, Libia Esperanza
Término de relación Editor
856 ## - LOCALIZACION Y ACCESO ELECTRONICOS
Identificador Uniforme del Recurso http://hemeroteca.unad.edu.co/index.php/riaa/index
942 ## - ELEMENTOS ADICIONALES (KOHA)
Sistema de clasificación Dewey Decimal Classification
Tipo de ítem Libro
Existencias
Withdrawn status Lost status Sistema de Clasificación Damaged status No para préstamo Colección Ubicación Permanente Ubicación actual Fecha de adquisición Total Checkouts Número topográfico Inventario / Código de Barras Date last seen Ejemplar Price effective from Forma de adquisición Tipo de material
    Dewey Decimal Classification     General Bogotá Bogotá 15/10/2019   LB-631.45 G44r 043595 15/10/2019 Ej.1 15/10/2019 Canje Libro